| 000 | 00467nam a2200169 a 4500 | ||
|---|---|---|---|
| 001 | 2383 | ||
| 003 | CDMR | ||
| 005 | 20130930172026.0 | ||
| 008 | 130130s2000||||||||||||||||||||||||||||d | ||
| 020 | _a8449308216 | ||
| 040 |
_aCDMR _bcat _cCDMR |
||
| 100 | 1 |
_aLanger, John _91776 |
|
| 245 | 1 | 3 |
_aLa televisión sensacionalista _b: el periodismo popular y las "otras noticias" |
| 260 |
_aBarcelona _c2000 _bPaidós |
||
| 490 | 0 |
_aPaidós Comunicación _v112 |
|
| 942 |
_cMON _2udc |
||
| 999 |
_c2383 _d2383 |
||